Aristóteles
Uloženo v:
| Hlavní autor: | |
|---|---|
| Další autoři: | |
| Médium: | Kniha |
| Jazyk: | španělština |
| Vydáno: |
Buenos Aires
Sudamericana
1957
|
| Témata: | |
| Tagy: |
Přidat tag
Žádné tagy, Buďte první, kdo vytvoří štítek k tomuto záznamu!
|
MARC
| LEADER | 00000cam a2200000 a 4500 | ||
|---|---|---|---|
| 001 | UCX1335 | ||
| 003 | CL-VaPUC | ||
| 005 | 20241127085250.0 | ||
| 008 | 900802e19570000AG |||||||||||||||||spa|d | ||
| 999 | |c 222596 |d 222594 | ||
| 040 | |c Pontificia Universidad Católica de Valparaíso | ||
| 082 | 0 | 4 | |a 185 |b ROS |2 21 |
| 100 | 0 | |a Ross, W. D |e author |9 316814 | |
| 245 | 1 | 0 | |a Aristóteles |
| 260 | |a Buenos Aires |b Sudamericana |c 1957 | ||
| 300 | |a 421 p | ||
| 583 | |a last modification |c 20150714 05:20:20 |k Rodrigo Vera | ||
| 600 | 0 | |a Aristóteles, |d 384 a.C.- 322 a.C. |9 194 | |
| 650 | 0 | |a Filosofía antigua |9 255705 | |
| 700 | 1 | |a Pró, Diego F |e traductor |9 333642 | |
| 942 | |c BK |2 ddc | ||
| 945 | |d 19900802 00:00:00 | ||
| 952 | |0 0 |1 0 |4 0 |6 185_000000000000000_ROS_1957 |7 0 |8 R |9 217571 |a BIBEDU |b BIBEDU |c MCIRC |d 2019-11-15 |i 2864878 |o 185 ROS 1957 |p 2864878 |r 2023-01-13 |w 2019-11-15 |y BK_R |k FIL | ||
| 952 | |0 0 |1 0 |4 0 |6 185_000000000000000_ROS_1957 |7 0 |8 R |9 217572 |a BIBEDU |b BIBEDU |c MCIRC |d 2019-11-15 |i 2864886 |o 185 ROS 1957 |p 2864886 |r 2023-01-13 |w 2019-11-15 |y BK_R |k FIL | ||